000 00346nam a2200145Ia 4500
008 230917s9999||||xx |||||||||||||| ||und||
040 _e191672
_aMAIN
041 _aEnglish
082 _a942 G959B
100 _aGupta, Parthsarthi
245 0 _aBritain ka etihas
260 _aDelhi
_bDelhi University
_c1979
300 _a424 p.
942 _cBK
999 _c226161
_d226161